MARC

LEADER 00000nam0a2200000 4500
001 309025
005 20231102002141.0
020 |a RU  |b 81-88452 
035 |a (RuTPU)RU\TPU\book\334347 
090 |a 309025 
100 |a 20151109d1981 m y0rusy5003 ca 
101 0 |a rus 
102 |a RU 
105 |a a z 000zy 
200 1 |a Солнечная активность и Земля  |f Л. И. Мирошниченко 
210 |a Москва  |c Наука  |d 1981 
215 |a 144 с.  |c ил. 
225 1 |a Планета Земля и Вселенная 
606 1 |a Атмосфера  |x Влияние солнечной активности  |2 stltpush  |3 (RuTPU)RU\TPU\subj\29622  |9 52908 
610 1 |a солнечная активность 
610 1 |a Земля 
610 1 |a Солнечная система 
610 1 |a магнетизм 
610 1 |a климат 
610 1 |a солнечно-земные связи 
675 |a 551.590.21  |z rus  |v 4 
700 1 |a Мирошниченко  |b Л. И.  |4 070 
801 0 |a RU  |b RuMRKP  |c 19950704  |g psbo 
801 1 |a RU  |b 63413507  |c 20151109 
801 2 |a RU  |b 63413507  |c 20171017  |g RCR 
942 |c BK